000 01005nam a2200265Ia 4500
003 OSt
005 20221005104823.0
006 a|||||r|||| 00| 0
007 ta
008 221004b |||||||| |||| 00| 0 hin d
020 _a8188402044 (hbk)
_c120
024 _a108154
037 _b12956, 18/03/2011, Kitab Ghar
_cTextual
040 _aCRL
_cCRL
_bhin
041 _2hin
_ahin
082 _aY:1.2, 152P7
100 _aशर्मा, विष्णुदत्त
245 0 _aभारतीय परंपराओं की वैज्ञानिकता
246 _aBhāratīya paranparāoan kī vaijnyānikatā
260 _aदिल्ली
_bशोध प्रकाशन अकादमी भारत
_c2007
300 _a134पृ0
_ccm.
650 _aभारतीय-लोक साहित्य
942 _hY:1.2, 152P7
_cTEXL
_2cc
999 _c1013895
_d1013895